[Event "Kandidatklassen DM 2020"]
[Site "Svendborg"]
[Date "2020.10.12"]
[Round "1.7"]
[White "Hansen, Lars"]
[Black "Rossen, Claus"]
[Result "1/2-1/2"]
[WhiteElo "2217"]
[BlackElo "2099"]
[PlyCount "147"]
[EventDate "2020.10.12"]
[EventType "swiss"]
[EventRounds "7"]
[EventCountry "DEN"]

1. e4 g6 2. d4 Bg7 3. Nc3 d6 4. Be3 c6 5. Qd2 b5 6. Nf3 Nf6 7. Bd3 Qc7 8. O-O
O-O 9. e5 dxe5 10. dxe5 Ng4 11. Bf4 Nxe5 12. Nxe5 Bxe5 13. Bxe5 Qxe5 14. Rfe1
Qc7 15. Qh6 e5 16. a4 Bb7 17. axb5 cxb5 18. Bxb5 Nd7 19. Bxd7 Qxd7 20. Rxe5
Rfe8 21. Rae1 Rxe5 22. Rxe5 Rd8 23. Qe3 Bc6 24. h4 Qg4 25. Qg5 Qd4 26. Re1 f6
27. Qe3 Qxe3 28. Rxe3 Kf7 29. g3 a5 30. b3 Rc8 31. Kf1 g5 32. Ke2 gxh4 33. gxh4
Rg8 34. Rg3 Rd8 35. Rg4 Bb7 36. Ke3 Re8+ 37. Kd2 Re5 38. Rc4 Kg6 39. Rc7 Bf3
40. Rc4 h6 41. Rf4 Bc6 42. Ne2 Be4 43. Ng3 Bc6 44. Rd4 a4 45. bxa4 Ra5 46. Rd6
Bxa4 47. c4 Kf7 48. Kc3 Be8 49. Rb6 Ra3+ 50. Kd4 Rf3 51. Ne4 Ba4 52. c5 Bc2 53.
Nd6+ Ke7 54. Kd5 Bb3+ 55. Kc6 Ba4+ 56. Kd5 Rxf2 57. Rb7+ Bd7 58. Ne4 Rf5+ 59.
Kd4 Kd8 60. Rb6 Rf4 61. Rxf6 Rxh4 62. Kd5 Ke7 63. Rb6 Rh5+ 64. Kd4 Rh4 65. Rb7
Ke6 66. Rb6+ Ke7 67. Ke5 Rh5+ 68. Kd4 Rh4 69. Ke3 Rh3+ 70. Kd4 Rh4 71. Ke5 Rh5+
72. Kd4 Rh4 73. Ke5 Rh5+ 74. Kd4 1/2-1/2

[Event "Kandidatklassen DM 2020"]
[Site "Svendborg"]
[Date "2020.10.13"]
[Round "2.1"]
[White "Haubro, Sigfred"]
[Black "Jaksland, Tim"]
[Result "1/2-1/2"]
[WhiteElo "2163"]
[BlackElo "2247"]
[PlyCount "28"]
[EventDate "2020.10.12"]
[EventType "swiss"]
[EventRounds "7"]
[EventCountry "DEN"]

1. Nf3 d5 2. d4 Nf6 3. e3 c5 4. Be2 e6 5. O-O Nbd7 6. Nbd2 Bd6 7. b3 cxd4 8.
exd4 O-O 9. Bb2 Ne4 10. Bd3 f5 11. Ne5 Qf6 12. f4 Qh6 13. Bxe4 fxe4 14. g3 Qf6
1/2-1/2

[Event "Kandidatklassen DM 2020"]
[Site "Svendborg"]
[Date "2020.10.13"]
[Round "2.4"]
[White "Kakulidis, Ellen"]
[Black "Carstensen, Jacob"]
[Result "0-1"]
[WhiteElo "2073"]
[BlackElo "2350"]
[PlyCount "110"]
[EventDate "2020.10.12"]
[EventType "swiss"]
[EventRounds "7"]
[EventCountry "DEN"]

1. d4 Nf6 2. g3 c5 3. d5 e6 4. Nc3 exd5 5. Nxd5 Nxd5 6. Qxd5 Nc6 7. c3 d6 8.
Nh3 Be7 9. Nf4 O-O 10. Bg2 Ne5 11. O-O Rb8 12. Qd1 Re8 13. Nd5 Bf8 14. f4 Nc6
15. f5 f6 16. e4 Ne5 17. Rf4 Bd7 18. Qh5 g6 19. Qd1 g5 20. Rf2 Bc6 21. h4 gxh4
22. gxh4 Bxd5 23. Qxd5+ Kh8 24. Bf4 Qc7 25. Kh1 Ng4 26. Rd2 Rbd8 27. Bh3 Bh6
28. Bxh6 Nxh6 29. Rg1 Qf7 30. Qxf7 Nxf7 31. Bg2 Rg8 32. e5 dxe5 33. Rxd8 Rxd8
34. Bxb7 Nd6 35. Bd5 Nxf5 36. c4 Nxh4 37. Rg3 Ng6 38. Ra3 Ne7 39. Bg2 Rd7 40.
Ra6 Kg7 41. Bh3 f5 42. Re6 e4 43. Re5 Rd1+ 44. Kh2 Rd2+ 45. Kg3 Kf6 46. Rxc5
Rxb2 47. Ra5 Kg5 48. Bf1 Nc6 49. Ra6 f4+ 50. Kh3 Rb6 51. Ra3 a5 52. Bg2 f3 53.
Bxf3 exf3 54. Rxf3 Ne5 55. Rg3+ Kf4 0-1

[Event "Kandidatklassen DM 2020"]
[Site "Svendborg"]
[Date "2020.10.13"]
[Round "2.8"]
[White "Liu, Casper Yukun"]
[Black "Hansen, Lars"]
[Result "0-1"]
[WhiteElo "2155"]
[BlackElo "2217"]
[PlyCount "48"]
[EventDate "2020.10.12"]
[EventType "swiss"]
[EventRounds "7"]
[EventCountry "DEN"]

1. d4 e6 2. Bf4 b6 3. e4 Bb7 4. Nd2 Nf6 5. Bd3 c5 6. Ngf3 Nc6 7. c3 cxd4 8.
cxd4 Nb4 9. Bb1 Be7 10. a3 Nc6 11. O-O O-O 12. Qc2 g6 13. Bh6 Re8 14. e5 Ng4
15. Bf4 Rc8 16. Qd3 d6 17. h3 dxe5 18. dxe5 Qxd3 19. Bxd3 g5 20. Bg3 Red8 21.
Bxh7+ Kxh7 22. hxg4 Nd4 23. Nxd4 Rxd4 24. Rfd1 Rcd8 0-1

[Event "Kandidatklassen DM 2020"]
[Site "Svendborg"]
[Date "2020.10.13"]
[Round "2.10"]
[White "Pedersen, Jan Nordenbaek"]
[Black "Holm, Filip Martin Kierulf Hou"]
[Result "1-0"]
[WhiteElo "2238"]
[BlackElo "2010"]
[PlyCount "37"]
[EventDate "2020.10.12"]
[EventType "swiss"]
[EventRounds "7"]
[EventCountry "DEN"]

1. e4 g6 2. d4 Bg7 3. Nc3 d6 4. f4 c6 5. Nf3 Qc7 6. Bd3 Nd7 7. Be3 Ngf6 8. h3
a6 9. e5 Nd5 10. Nxd5 cxd5 11. O-O dxe5 12. fxe5 O-O 13. Qd2 f6 14. exf6 exf6
15. Bf4 Qc6 16. Rae1 Nb6 17. Re7 Bd7 18. Bh6 Rf7 19. Rxf7 1-0

[Event "Kandidatklassen DM 2020"]
[Site "Svendborg"]
[Date "2020.10.13"]
[Round "2.11"]
[White "Guindy, Esmat Susanne"]
[Black "Falkesgaard, Jeppe Hald"]
[Result "1-0"]
[WhiteElo "2131"]
[BlackElo "1984"]
[PlyCount "129"]
[EventDate "2020.10.12"]
[EventType "swiss"]
[EventRounds "7"]
[EventCountry "DEN"]

1. d4 Nf6 2. c4 g6 3. g3 Bg7 4. Bg2 O-O 5. Nf3 d6 6. Nc3 Nc6 7. O-O a6 8. b3
Bg4 9. h3 Bxf3 10. Bxf3 Nd7 11. e3 e5 12. Ne2 Qf6 13. Bg2 Qe7 14. Bb2 Rae8 15.
dxe5 Ncxe5 16. Qd2 Nc5 17. Rad1 Qf6 18. Kh1 Qf5 19. Nd4 Qh5 20. Qe2 Qxe2 21.
Nxe2 Nc6 22. Bxg7 Kxg7 23. Nf4 Nb4 24. a3 Nc2 25. b4 Ne6 26. Nxe6+ fxe6 27. Rd3
a5 28. bxa5 Ra8 29. Rc3 Rxa5 30. Rxc2 Rxa3 31. Bxb7 Rxe3 32. Kg2 Rb3 33. Be4
Rb4 34. Re1 Kf6 35. Re3 Ke7 36. c5 Kf6 37. cxd6 cxd6 38. Rf3+ Kg7 39. Rc7+ Kg8
40. Rxf8+ Kxf8 41. Bf3 Kg8 42. Bg4 e5 43. Be6+ Kh8 44. Rd7 Rd4 45. Kf3 Rd3+ 46.
Ke2 Rd4 47. h4 Re4+ 48. Kd3 Rd4+ 49. Ke3 Rd1 50. Ke2 Rd4 51. f3 h6 52. g4 g5
53. h5 e4 54. Ke3 Ra4 55. Rxd6 exf3 56. Bf5 Ra3+ 57. Kf2 Kg7 58. Rg6+ Kf8 59.
Rxh6 Kg7 60. Rg6+ Kh8 61. h6 Ra2+ 62. Kxf3 Rh2 63. Rc6 Kg8 64. h7+ Kg7 65. Rc8
1-0

[Event "Kandidatklassen DM 2020"]
[Site "Svendborg"]
[Date "2020.10.14"]
[Round "3.1"]
[White "Rey Malde, Henrique"]
[Black "Rewitz, Poul"]
[Result "0-1"]
[WhiteElo "2201"]
[BlackElo "2222"]
[PlyCount "128"]
[EventDate "2020.10.12"]
[EventType "swiss"]
[EventRounds "7"]
[EventCountry "DEN"]

1. e4 c6 2. d4 d5 3. e5 Bf5 4. Nf3 e6 5. Be2 h6 6. O-O Nd7 7. Nbd2 Ne7 8. Nb3
g5 9. h4 g4 10. Ne1 h5 11. Bd3 Bxd3 12. Nxd3 Nf5 13. Bg5 Be7 14. Bxe7 Qxe7 15.
g3 Nf8 16. Qd2 Ng6 17. Qb4 Qxb4 18. Nxb4 a5 19. Nd3 a4 20. Nd2 Nxd4 21. c3 Nf5
22. Kg2 Ke7 23. b3 Rhd8 24. Rfe1 b6 25. b4 c5 26. bxc5 bxc5 27. Rab1 c4 28. Nb4
Rdc8 29. Rbc1 Rab8 30. a3 Nf8 31. f3 Nd7 32. fxg4 hxg4 33. Rb1 Kf8 34. Nf1 Nc5
35. Nh2 Ne4 36. Rxe4 dxe4 37. Nxg4 Rd8 38. Re1 Rd2+ 39. Kh3 e3 40. Nxe3 Nxe3
41. Rxe3 Rc8 42. h5 Rb2 43. Kg4 Rb3 44. Nc2 Rd8 45. Nb4 Rxa3 46. h6 Kg8 47. Kg5
Kh7 48. Kf6 Rd7 49. g4 Rb3 50. g5 a3 51. g6+ fxg6 52. Kxe6 Ra7 53. Re1 a2 54.
Ra1 Rxc3 55. Kd5 Re3 56. Nc6 Ra6 57. e6 c3 58. Nd4 Ra5+ 59. Kc4 Ra4+ 60. Kc5
Re4 61. Nf3 Kxh6 62. Kd5 Re3 63. Rh1+ Kg7 64. Ng5 a1=Q 0-1

[Event "Kandidatklassen DM 2020"]
[Site "Svendborg"]
[Date "2020.10.14"]
[Round "3.2"]
[White "Carstensen, Jacob"]
[Black "Haubro, Sigfred"]
[Result "1/2-1/2"]
[WhiteElo "2350"]
[BlackElo "2163"]
[PlyCount "84"]
[EventDate "2020.10.12"]
[EventType "swiss"]
[EventRounds "7"]
[EventCountry "DEN"]

1. e4 e5 2. Nf3 Nc6 3. Bb5 Nf6 4. O-O Be7 5. d4 exd4 6. e5 Ne4 7. Re1 Nc5 8.
Nxd4 Nxd4 9. Qxd4 c6 10. Bc4 O-O 11. Rd1 b5 12. Be2 Qc7 13. Nc3 a5 14. Ne4 Nxe4
15. Qxe4 d5 16. exd6 Bxd6 17. h4 f5 18. Qd4 Bh2+ 19. Kf1 Be5 20. Qc5 Be6 21. a4
b4 22. Bf3 Rac8 23. c3 bxc3 24. bxc3 Bf6 25. Re1 Qf7 26. Bg5 Bc4+ 27. Kg1 Bd5
28. Bxf6 Bxf3 29. Bg5 Bd5 30. Re7 Qg6 31. c4 Be4 32. f3 Bxf3 33. gxf3 h6 34.
Rb1 Rb8 35. Rxb8 Rxb8 36. Qe5 Rb1+ 37. Kf2 hxg5 38. hxg5 Qxg5 39. Re8+ Kh7 40.
Qh2+ Kg6 41. Qd6+ Kh7 42. Qh2+ Kg6 1/2-1/2

[Event "Kandidatklassen DM 2020"]
[Site "Svendborg"]
[Date "2020.10.14"]
[Round "3.3"]
[White "Jaksland, Tim"]
[Black "Georgescu, Lena"]
[Result "0-1"]
[WhiteElo "2247"]
[BlackElo "2276"]
[PlyCount "94"]
[EventDate "2020.10.12"]
[EventType "swiss"]
[EventRounds "7"]
[EventCountry "DEN"]

1. e4 e5 2. Nf3 Nc6 3. Bc4 Bc5 4. O-O Nf6 5. d3 O-O 6. Bg5 h6 7. Bh4 Be7 8. Bg3
d6 9. a4 a5 10. h3 Be6 11. Bxe6 fxe6 12. c3 Qd7 13. Nbd2 Nh7 14. Qb3 Ng5 15.
Rad1 Kh7 16. d4 Nxf3+ 17. Nxf3 exd4 18. Nxd4 e5 19. Nf5 Bg5 20. h4 Bf6 21. Qb5
b6 22. h5 Qe8 23. Rd3 Bg5 24. Qc4 Rc8 25. Rf3 Ne7 26. Nxe7 Bxe7 27. Rxf8 Bxf8
28. f4 Qxh5 29. f5 Be7 30. Qe6 Qe8 31. b3 Bg5 32. Qxe8 Rxe8 33. Rf3 Ra8 34. Kf1
Kg8 35. Ke2 Kf7 36. Kd3 Ke7 37. Kc4 Kd7 38. Rd3 Bf6 39. Bf2 Kc6 40. Rh3 Rb8 41.
Be3 Rd8 42. b4 d5+ 43. exd5+ Rxd5 44. b5+ Kd6 45. Rh1 e4 46. Bf4+ Be5 47. f6
Rc5+ 0-1

[Event "Kandidatklassen DM 2020"]
[Site "Svendborg"]
[Date "2020.10.14"]
[Round "3.4"]
[White "Hansen, Lars"]
[Black "Matthiesen, Martin"]
[Result "1/2-1/2"]
[WhiteElo "2217"]
[BlackElo "2301"]
[PlyCount "31"]
[EventDate "2020.10.12"]
[EventType "swiss"]
[EventRounds "7"]
[EventCountry "DEN"]

1. d4 d5 2. c4 e6 3. Nc3 c6 4. cxd5 exd5 5. Bf4 Bd6 6. Bxd6 Qxd6 7. e3 Bf5 8.
Bd3 Ne7 9. Nge2 Nd7 10. Bxf5 Nxf5 11. Qd3 Ne7 12. O-O O-O 13. Rad1 Rad8 14.
Rfe1 Rfe8 15. Ng3 Nf6 16. Re2 1/2-1/2

[Event "Kandidatklassen DM 2020"]
[Site "Svendborg"]
[Date "2020.10.14"]
[Round "3.5"]
[White "Laursen, Niels Norskov"]
[Black "Guindy, Esmat Susanne"]
[Result "1/2-1/2"]
[WhiteElo "2247"]
[BlackElo "2131"]
[PlyCount "38"]
[EventDate "2020.10.12"]
[EventType "swiss"]
[EventRounds "7"]
[EventCountry "DEN"]

1. e4 e6 2. d4 d5 3. Nc3 Nf6 4. e5 Nfd7 5. f4 c5 6. Nf3 Nc6 7. Be3 a6 8. Qd2 b5
9. a3 Qa5 10. Rb1 b4 11. axb4 Qxb4 12. Ne2 Qxd2+ 13. Kxd2 a5 14. c3 Ba6 15. g4
cxd4 16. Nexd4 Nxd4 17. Bxd4 Nc5 18. Ke3 Nb3 19. Bd3 Bxd3 1/2-1/2

[Event "Kandidatklassen DM 2020"]
[Site "Svendborg"]
[Date "2020.10.14"]
[Round "3.6"]
[White "Kolbak, Jens"]
[Black "Pedersen, Jan Nordenbaek"]
[Result "1/2-1/2"]
[WhiteElo "2114"]
[BlackElo "2238"]
[PlyCount "35"]
[EventDate "2020.10.12"]
[EventType "swiss"]
[EventRounds "7"]
[EventCountry "DEN"]

1. d4 d5 2. Nf3 Nf6 3. g3 c5 4. Bg2 Nc6 5. O-O e6 6. b3 b6 7. Bb2 Bb7 8. Nbd2
Be7 9. e3 O-O 10. Qe2 Rc8 11. Rfc1 Rc7 12. Ne1 Re8 13. Nd3 Ba6 14. dxc5 bxc5
15. c4 Nb4 16. Ne5 Qc8 17. a3 Nc6 18. Ndf3 1/2-1/2

[Event "Kandidatklassen DM 2020"]
[Site "Svendborg"]
[Date "2020.10.14"]
[Round "3.7"]
[White "Thuesen, Mogens Henrik"]
[Black "Meskenas, Paulius"]
[Result "1/2-1/2"]
[WhiteElo "2210"]
[BlackElo "2032"]
[PlyCount "76"]
[EventDate "2020.10.12"]
[EventType "swiss"]
[EventRounds "7"]
[EventCountry "DEN"]

1. d4 Nf6 2. Bg5 d5 3. Bxf6 exf6 4. e3 Bd6 5. c4 dxc4 6. Bxc4 O-O 7. Nf3 f5 8.
Nc3 c6 9. O-O Nd7 10. Rb1 Nf6 11. Qc2 Qe7 12. a3 g6 13. b4 b5 14. Bd3 a5 15. d5
axb4 16. axb4 cxd5 17. Bxb5 Bxb4 18. Bc6 Ra5 19. Nd4 Ba6 20. Rfc1 Bc4 21. Bb5
Bxc3 22. Qxc3 Ra3 23. Nc6 Qd6 24. Qb4 Qxb4 25. Rxb4 Bxb5 26. Rxb5 Kg7 27. h3
Rc8 28. Rbc5 Ne4 29. R5c2 h5 30. Nb4 Rxc2 31. Rxc2 Ra1+ 32. Kh2 Rd1 33. f3 Nd2
34. Kg3 Nb3 35. Rc3 Nd2 36. Rd3 Nf1+ 37. Kf2 Rxd3 38. Nxd3 Nd2 1/2-1/2

[Event "Kandidatklassen DM 2020"]
[Site "Svendborg"]
[Date "2020.10.14"]
[Round "3.8"]
[White "Nilssen, Ellen Fredericia"]
[Black "Kakulidis, Ellen"]
[Result "0-1"]
[WhiteElo "2209"]
[BlackElo "2073"]
[PlyCount "104"]
[EventDate "2020.10.12"]
[EventType "swiss"]
[EventRounds "7"]
[EventCountry "DEN"]

1. d4 d5 2. Nf3 e6 3. c4 Be7 4. Nc3 Nf6 5. Bg5 Nbd7 6. e3 h6 7. Bh4 O-O 8. Bd3
c5 9. cxd5 Nxd5 10. Bxe7 Nxe7 11. O-O cxd4 12. Nxd4 Nf6 13. Qe2 Bd7 14. Rfd1
Qa5 15. Ne4 Nfd5 16. Nd6 Qc7 17. N6b5 Qb8 18. Nb3 a6 19. N5d4 Nc6 20. Be4 Nxd4
21. Rxd4 Nf6 22. Bc2 Bb5 23. Qd2 e5 24. Rd6 Ne8 25. Rd5 Nf6 26. Rc5 b6 27. Rc3
Rd8 28. Qe1 Nd5 29. a4 Nxc3 30. Qxc3 Rc8 31. Qd2 Bc6 32. a5 Qb7 33. axb6 Qxb6
34. Na5 Bb5 35. Be4 Rd8 36. Qb4 Rac8 37. Nb7 Rd7 38. Na5 Rdc7 39. Qe1 g6 40. h3
Kg7 41. Kh2 Rd8 42. Qb4 Qd6 43. Qb3 Qf6 44. f3 h5 45. Qb4 Qg5 46. Re1 h4 47.
Kh1 Qg3 48. Nb7 Rc4 49. Qa5 Rd7 50. b3 Rxe4 51. Nc5 Rxe3 52. b4 Rxe1# 0-1

[Event "Kandidatklassen DM 2020"]
[Site "Svendborg"]
[Date "2020.10.14"]
[Round "3.11"]
[White "Steffensen, Elena"]
[Black "Liu, Casper Yukun"]
[Result "0-1"]
[WhiteElo "2081"]
[BlackElo "2155"]
[PlyCount "70"]
[EventDate "2020.10.12"]
[EventType "swiss"]
[EventRounds "7"]
[EventCountry "DEN"]

1. e4 c5 2. Nc3 Nc6 3. f4 g6 4. Nf3 Bg7 5. Bc4 e6 6. O-O Nge7 7. e5 d5 8. Bb5
O-O 9. Bxc6 Nxc6 10. d3 a6 11. Qe1 b5 12. Qf2 Qe7 13. a3 f6 14. Qe2 Nd4 15.
Nxd4 cxd4 16. exf6 Qxf6 17. Nd1 Bb7 18. Nf2 Rac8 19. Nh3 e5 20. c3 dxc3 21.
bxc3 exf4 22. Bxf4 Rce8 23. Qg4 Bc8 24. Qf3 Bxh3 25. gxh3 Qxc3 26. Qxd5+ Kh8
27. Rac1 Qxa3 28. Bd6 Rxf1+ 29. Rxf1 Qb2 30. Qc6 Rd8 31. Be7 Qd4+ 32. Kg2 Qd7
33. Qc5 Qb7+ 34. Kg3 Rxd3+ 35. Kg4 Qg2+ 0-1

[Event "Kandidatklassen DM 2020"]
[Site "Svendborg"]
[Date "2020.10.14"]
[Round "3.12"]
[White "Holm, Filip Martin Kierulf Hou"]
[Black "Falkesgaard, Jeppe Hald"]
[Result "0-1"]
[WhiteElo "2010"]
[BlackElo "1984"]
[PlyCount "56"]
[EventDate "2020.10.12"]
[EventType "swiss"]
[EventRounds "7"]
[EventCountry "DEN"]

1. e4 c5 2. c3 Nf6 3. e5 Nd5 4. Nf3 Nc6 5. Bc4 Nb6 6. Bb3 d6 7. exd6 e6 8. Na3
Bxd6 9. d4 cxd4 10. Nb5 O-O 11. Nbxd4 Nxd4 12. cxd4 Nd5 13. O-O b6 14. Ne5 Bb7
15. Bc2 Qh4 16. g3 Qh3 17. f3 Rfd8 18. Qe1 Rac8 19. Be4 f6 20. Nd3 f5 21. Bxd5
Bxd5 22. Bf4 Bc4 23. Bxd6 Rxd6 24. Nf4 Qxf1+ 25. Qxf1 Bxf1 26. Kxf1 Rxd4 27.
Nxe6 Rd2 28. Re1 Rcc2 0-1

[Event "Kandidatklassen DM 2020"]
[Site "Svendborg"]
[Date "2020.10.15"]
[Round "4.1"]
[White "Rewitz, Poul"]
[Black "Georgescu, Lena"]
[Result "1-0"]
[WhiteElo "2222"]
[BlackElo "2276"]
[PlyCount "83"]
[EventDate "2020.10.12"]
[EventType "swiss"]
[EventRounds "7"]
[EventCountry "DEN"]

1. c4 Nf6 2. Nc3 c5 3. Nf3 e6 4. e4 Nc6 5. d4 cxd4 6. Nxd4 Bb4 7. Nxc6 dxc6 8.
Qxd8+ Kxd8 9. e5 Bxc3+ 10. bxc3 Nd7 11. Bg5+ Kc7 12. Be7 Nxe5 13. c5 Nd7 14. h4
b6 15. Bd6+ Kd8 16. h5 h6 17. Rh4 Nxc5 18. Rg4 Rg8 19. Be5 g6 20. O-O-O+ Bd7
21. Be2 Kc8 22. Rgd4 a5 23. g3 gxh5 24. Bd6 Be8 25. Bxh5 Kb7 26. Bf3 f6 27.
Bxc5 bxc5 28. Rd6 Rc8 29. Rxe6 Rf8 30. Rdd6 Bf7 31. Rd7+ Rc7 32. Rxc7+ Kxc7 33.
Rxf6 Kd7 34. Bh5 Ke7 35. Rxf7+ Rxf7 36. Bxf7 Kxf7 37. Kd2 Ke6 38. Ke3 Kf5 39.
f3 h5 40. Kd3 Ke5 41. Kc4 Kd6 42. a4 1-0

[Event "Kandidatklassen DM 2020"]
[Site "Svendborg"]
[Date "2020.10.15"]
[Round "4.2"]
[White "Carstensen, Jacob"]
[Black "Rey Malde, Henrique"]
[Result "1-0"]
[WhiteElo "2350"]
[BlackElo "2201"]
[PlyCount "79"]
[EventDate "2020.10.12"]
[EventType "swiss"]
[EventRounds "7"]
[EventCountry "DEN"]

1. d4 Nf6 2. c4 d6 3. Nc3 e5 4. Nf3 Nbd7 5. e4 g6 6. Be2 Bg7 7. O-O O-O 8. Qc2
Qe7 9. Be3 c6 10. d5 c5 11. a3 Ne8 12. g3 f5 13. exf5 gxf5 14. Bg5 Qf7 15. Nh4
f4 16. g4 e4 17. Nxe4 Ne5 18. f3 h6 19. Bd8 b6 20. Ng2 Qg6 21. Nh4 Qf7 22. Ng2
Qg6 23. Bd3 Qf7 24. Bh4 Nxd3 25. Qxd3 Bxb2 26. Ra2 Be5 27. Be1 b5 28. Bc3 bxc4
29. Qxc4 Bb7 30. Rd2 Bxc3 31. Qxc3 Rd8 32. Nh4 Bxd5 33. Nf5 Kh7 34. Re1 Be6 35.
Nfxd6 Nxd6 36. Nxd6 Qg6 37. Qxc5 Rd7 38. Nf5 Bxf5 39. Qxf8 Bxg4 40. Re7+ 1-0

[Event "Kandidatklassen DM 2020"]
[Site "Svendborg"]
[Date "2020.10.15"]
[Round "4.3"]
[White "Thorsbro, Peter"]
[Black "Hansen, Lars"]
[Result "1-0"]
[WhiteElo "2165"]
[BlackElo "2217"]
[PlyCount "77"]
[EventDate "2020.10.12"]
[EventType "swiss"]
[EventRounds "7"]
[EventCountry "DEN"]

1. d4 e6 2. Bf4 Nf6 3. e3 b6 4. Nf3 Bb7 5. Nbd2 d6 6. Bd3 Nbd7 7. Qe2 a6 8. c3
Be7 9. e4 O-O 10. O-O-O Nh5 11. Be3 e5 12. dxe5 Nxe5 13. Nxe5 dxe5 14. Bc4 Nf6
15. Nf3 Qe8 16. Nxe5 Nxe4 17. Nd7 b5 18. Bb3 Bc5 19. Rhe1 Bd6 20. Nxf8 Kxf8 21.
f3 Nf6 22. Bg5 Qxe2 23. Rxe2 Nd7 24. Rxd6 cxd6 25. Re7 Nc5 26. Rxf7+ Ke8 27.
Re7+ Kf8 28. Rf7+ Ke8 29. Rxg7 Nxb3+ 30. axb3 Bd5 31. Rxh7 Bg8 32. Re7+ Kf8 33.
Rd7 Bxb3 34. Rxd6 Kf7 35. h4 Re8 36. Kd2 Bc4 37. Be3 Bf1 38. g4 a5 39. h5 1-0

[Event "Kandidatklassen DM 2020"]
[Site "Svendborg"]
[Date "2020.10.15"]
[Round "4.5"]
[White "Matthiesen, Martin"]
[Black "Thuesen, Mogens Henrik"]
[Result "0-1"]
[WhiteElo "2301"]
[BlackElo "2210"]
[PlyCount "104"]
[EventDate "2020.10.12"]
[EventType "swiss"]
[EventRounds "7"]
[EventCountry "DEN"]

1. d4 d5 2. c4 c6 3. Nf3 e6 4. Nc3 dxc4 5. e3 b5 6. a4 Bb4 7. Bd2 a5 8. axb5
Bxc3 9. Bxc3 cxb5 10. b3 Bb7 11. bxc4 b4 12. Bb2 Nf6 13. Bd3 O-O 14. O-O Qc7
15. c5 Nbd7 16. Re1 Rfd8 17. Bb5 Bc6 18. Qa4 Bxb5 19. Qxb5 Rdb8 20. Qa4 Ne4 21.
Rec1 h6 22. Qc2 Qc6 23. d5 exd5 24. Nd4 Qxc5 25. Qd3 Ne5 26. Qd1 Nc4 27. Nf5
Nxb2 28. Nxh6+ gxh6 29. Qg4+ Kf8 30. Rxc5 Nxc5 31. Qf4 Nbd3 32. Qxh6+ Ke7 33.
Qg5+ Ke6 34. g4 Ne5 35. Qf5+ Kd6 36. Rd1 b3 37. f4 Ned3 38. Qf6+ Kc7 39. Qxf7+
Kc6 40. Qg6+ Kb5 41. Rxd3 Nxd3 42. Qxd3+ Ka4 43. Qxd5 Ka3 44. Qd3 Ka2 45. Qc4
a4 46. g5 Rc8 47. Qd5 a3 48. g6 Rd8 49. Qf7 Rd2 50. Kf1 Rc8 51. Ke1 Rg2 52. Kd1
Rcc2 0-1

[Event "Kandidatklassen DM 2020"]
[Site "Svendborg"]
[Date "2020.10.15"]
[Round "4.6"]
[White "Liu, Casper Yukun"]
[Black "Jaksland, Tim"]
[Result "1/2-1/2"]
[WhiteElo "2155"]
[BlackElo "2247"]
[PlyCount "130"]
[EventDate "2020.10.12"]
[EventType "swiss"]
[EventRounds "7"]
[EventCountry "DEN"]

1. e4 c5 2. Nc3 Nc6 3. Bb5 Nd4 4. Nf3 a6 5. Bd3 Nc6 6. Ne2 g6 7. c3 Bg7 8. O-O
d6 9. Bc2 Bg4 10. Ne1 e5 11. h3 Be6 12. f4 f6 13. d4 cxd4 14. cxd4 exd4 15.
Nxd4 Nxd4 16. Qxd4 Qc7 17. f5 Bf7 18. Bf4 Rd8 19. Rd1 Ne7 20. Bxd6 Nc6 21. Qc5
Bf8 22. fxg6 Bxd6 23. gxf7+ Ke7 24. Qf5 Be5 25. Nf3 Nd4 26. Nxd4 Bxd4+ 27. Rxd4
Qb6 28. Kh1 Qxd4 29. Bb3 Qe5 30. Qg4 Rhf8 31. Rf5 Qxb2 32. Rb5 Rd1+ 33. Qxd1
axb5 34. Qe1 Qd4 35. Qc1 Qd6 36. Qh6 Rc8 37. Qe3 b4 38. Bd5 Qc5 39. Qg3 Qc1+
40. Kh2 Qc7 41. Qxc7+ Rxc7 42. Kg3 Rc2 43. Kf3 Rd2 44. g3 h5 45. Be6 b6 46. Ke3
Rg2 47. Kf3 Rd2 48. Bb3 Rh2 49. h4 Rd2 50. g4 Rd3+ 51. Kf4 Rh3 52. gxh5 Rxh4+
53. Ke3 Rxh5 54. Kd4 Rc5 55. Bd5 Rc1 56. Bb3 Rc8 57. Bd5 Rc5 58. Bb3 Rc7 59.
Bd5 Kf8 60. e5 fxe5+ 61. Kxe5 Ke7 62. Bb3 Rc5+ 63. Kd4 Rc8 64. Bd5 Kd6 65. Bb3
Ke7 1/2-1/2

[Event "Kandidatklassen DM 2020"]
[Site "Svendborg"]
[Date "2020.10.15"]
[Round "4.7"]
[White "Pedersen, Jan Nordenbaek"]
[Black "Laursen, Niels Norskov"]
[Result "1/2-1/2"]
[WhiteElo "2238"]
[BlackElo "2247"]
[PlyCount "129"]
[EventDate "2020.10.12"]
[EventType "swiss"]
[EventRounds "7"]
[EventCountry "DEN"]

1. e4 c5 2. Nf3 e6 3. Nc3 a6 4. d4 cxd4 5. Nxd4 Qc7 6. Bd3 Nf6 7. O-O d6 8. Qf3
Nbd7 9. Qg3 g6 10. Nb3 Bg7 11. Bd2 O-O 12. Qh4 Re8 13. f4 b5 14. a3 Bb7 15.
Rae1 d5 16. exd5 Nxd5 17. Nd1 Rac8 18. Kh1 Ba8 19. Rf2 Qd8 20. Qxd8 Rexd8 21.
Ba5 Re8 22. c3 N7b6 23. Nd2 Rb8 24. Ne4 Rec8 25. Bb4 Rc6 26. Bd6 Rd8 27. Be5 f6
28. Bd4 Kf7 29. Bc2 h5 30. Kg1 Nc4 31. g3 Bf8 32. Rfe2 Be7 33. Bb1 Rh8 34. Ng5+
fxg5 35. Bxh8 gxf4 36. Be4 Rc8 37. Bd4 e5 38. Bf2 Bf6 39. Ba7 Rc7 40. Bf2 g5
41. gxf4 gxf4 42. Bf3 Ke6 43. h3 h4 44. Bg4+ Kd6 45. b3 Na5 46. b4 Nc4 47. Bc5+
Kc6 48. Kf2 a5 49. Bf3 Rg7 50. Nb2 Rg3 51. Nxc4 Rxf3+ 52. Kxf3 bxc4 53. Rxe5
Kb5 54. Re8 Bc6 55. Rb8+ Ka4 56. Re6 Nxb4+ 57. Rxc6 Nxc6 58. Rb6 Ne5+ 59. Ke4
Nd7 60. Rc6 Kb5 61. Kd5 Bxc3 62. a4+ Kxa4 63. Bd4 Bxd4 64. Rxc4+ Kb3 65. Rxd4
1/2-1/2

[Event "Kandidatklassen DM 2020"]
[Site "Svendborg"]
[Date "2020.10.16"]
[Round "5.7"]
[White "Kakulidis, Ellen"]
[Black "Hansen, Lars"]
[Result "1-0"]
[WhiteElo "2073"]
[BlackElo "2217"]
[PlyCount "121"]
[EventDate "2020.10.12"]
[EventType "swiss"]
[EventRounds "7"]
[EventCountry "DEN"]

1. d4 e6 2. g3 c5 3. Nf3 cxd4 4. Nxd4 Nf6 5. Bg2 d5 6. c4 e5 7. Nf3 d4 8. O-O
Nc6 9. e3 Be7 10. exd4 exd4 11. Bf4 O-O 12. Ne5 Nxe5 13. Bxe5 Bc5 14. Nd2 Re8
15. Bxf6 Qxf6 16. Nb3 Qb6 17. Nxc5 Qxc5 18. Rc1 Be6 19. Qd2 Rab8 20. b4 Qe7 21.
c5 Red8 22. Rfe1 Qf6 23. a3 Bd7 24. Qd3 a6 25. Qb3 Bc6 26. Bxc6 Qxc6 27. Rcd1
Rd7 28. Rd3 g6 29. Qd1 Rbd8 30. Qg4 h5 31. Qf4 Qb5 32. Red1 Qc4 33. h3 a5 34.
Qd2 Re8 35. Rc1 Qd5 36. b5 Rc8 37. Qe1 Kf8 38. Qxa5 Rxc5 39. Qb4 b6 40. Rcd1
Qe5 41. Rxd4 Rxd4 42. Rxd4 Kg7 43. Re4 Qa1+ 44. Kg2 Rd5 45. Re8 Rc5 46. a4 Kh7
47. Re1 Qa2 48. Qd4 Rd5 49. Qxb6 Qxa4 50. Qc7 Kg7 51. Re7 Rf5 52. Qc3+ Kf8 53.
Re3 Qa8+ 54. Kg1 Kg8 55. Qb2 Rd5 56. Qe2 Kh7 57. b6 Qa1+ 58. Kg2 Qb1 59. Re7
Qxb6 60. Rxf7+ Kh6 61. Qe7 1-0

[Event "Kandidatklassen DM 2020"]
[Site "Svendborg"]
[Date "2020.10.17"]
[Round "6.2"]
[White "Carstensen, Jacob"]
[Black "Laursen, Niels Norskov"]
[Result "1-0"]
[WhiteElo "2350"]
[BlackElo "2247"]
[PlyCount "115"]
[EventDate "2020.10.12"]
[EventType "swiss"]
[EventRounds "7"]
[EventCountry "DEN"]

1. d4 Nf6 2. c4 g6 3. Nc3 d5 4. cxd5 Nxd5 5. e4 Nxc3 6. bxc3 Bg7 7. Nf3 c5 8.
Be3 Qa5 9. Qd2 O-O 10. Rc1 Rd8 11. d5 e6 12. Bg5 f6 13. Be3 Nc6 14. Bd3 Ne7 15.
c4 Qxd2+ 16. Kxd2 b6 17. Kc2 Bd7 18. Rhe1 Ba4+ 19. Kd2 Re8 20. Bc2 Bxc2 21.
Kxc2 exd5 22. exd5 Nf5 23. g4 Nd6 24. Nd2 Kf7 25. Bf4 Bf8 26. h3 Rxe1 27. Rxe1
Re8 28. Rxe8 Kxe8 29. Kd3 Kd7 30. Ne4 Nxe4 31. Kxe4 Bd6 32. Be3 Bh2 33. f4 Bg3
34. Bd2 a6 35. a4 a5 36. Bc3 Bh4 37. f5 Ke7 38. fxg6 hxg6 39. Bd2 Bg3 40. Kf3
Bh4 41. Bf4 Kd7 42. Ke4 Be1 43. Bb8 Kc8 44. Bf4 Kd7 45. Bb8 Kc8 46. Bh2 Kd7 47.
Bf4 Bh4 48. g5 fxg5 49. Bc1 Kd6 50. Bd2 Ke7 51. Kf3 Kf6 52. Kg4 Ke5 53. Bc3+
Kd6 54. Bg7 b5 55. axb5 Bf2 56. Kf3 Bg1 57. Ke4 Bh2 58. Bf8+ 1-0